Les plus grands transferts de l'histoire du football - Mort subite - Statistiques

Statistiques générales
  • Ce quiz a été pris 3 364 fois
    1 025 depuis la dernière actualisation
  • Le résultat moyen est 6 sur 18
Answers on the Grid
Answers color-coded by a green-red scale on the quiz's grid according to % correct below.
Neymar
Barcelone → Paris SG
Kylian Mbappé
AS Monaco → Paris SG
Philippe Coutinho
Liverpool → Barcelone
Ousmane Dembélé
Borussia Dortmund → Barcelone
João Félix
Benfica → Atlético Madrid
Enzo Fernández
Benfica → Chelsea
Eden Hazard
Chelsea → Real Madrid
Alexander Isak
Newcastle United → Liverpool
Antoine Griezmann
Atlético Madrid → Barcelone
Jack Grealish
Aston Villa → Manchester City
Cristiano Ronaldo
Real Madrid → Juventus Turin
Declan Rice
West Ham United → Arsenal
Florian Wirtz
Bayer Leverkusen → Liverpool
Moisés Caicedo
Brighton → Chelsea
Jude Bellingham
Borussia Dortmund → Real Madrid
Romelu Lukaku
Inter → Chelsea
Paul Pogba
Juventus Turin → Manchester United
Gareth Bale
Tottenham → Real Madrid
Harry Kane
Tottenham → Bayern Munich
Randal Kolo Muani
Eintracht Francfort → Paris SG
Antony
Ajax → Manchester United
Cristiano Ronaldo
Manchester United → Real Madrid
Josko Gvardiol
RB Leipzig → Manchester City
Neymar
Paris SG → Al-Hilal
Gonzalo Higuaín
Napoli → Juventus Turin
Neymar
Santos → Barcelone
Harry Maguire
Leicester City → Manchester United
Frenkie de Jong
Ajax → Barcelone
Matthijs de Ligt
Ajax → Juventus Turin
Darwin Núñez
Benfica → Liverpool
 
Statistiques - réponses
Réponse % Correct
Neymar
Barcelone → Paris SG
58%
Kylian Mbappé
AS Monaco → Paris SG
54%
Philippe Coutinho
Liverpool → Barcelone
44%
Alexander Isak
Newcastle United → Liverpool
40%
Florian Wirtz
Bayer Leverkusen → Liverpool
40%
João Félix
Benfica → Atlético Madrid
38%
Ousmane Dembélé
Borussia Dortmund → Barcelone
37%
Antoine Griezmann
Atlético Madrid → Barcelone
36%
Paul Pogba
Juventus Turin → Manchester United
36%
Eden Hazard
Chelsea → Real Madrid
35%
Jack Grealish
Aston Villa → Manchester City
33%
Enzo Fernández
Benfica → Chelsea
32%
Cristiano Ronaldo
Real Madrid → Juventus Turin
30%
Jude Bellingham
Borussia Dortmund → Real Madrid
30%
Declan Rice
West Ham United → Arsenal
28%
Moisés Caicedo
Brighton → Chelsea
28%
Gareth Bale
Tottenham → Real Madrid
25%
Romelu Lukaku
Inter → Chelsea
22%
Aucun quiz correspondant
Distribution des résultats
% des personnes avec chaque résultat
Percentile par nombre de réponses
Votre historique - résultats
Vous n’avez pas pris ce quiz depuis la dernière actualisation